| 000 | 01241nam a22002897a 4500 | ||
|---|---|---|---|
| 001 | 4937 | ||
| 003 | FISKH | ||
| 005 | 20241025132538.0 | ||
| 008 | 241025b cb ||||| |||| 00| 0 eng d | ||
| 020 | _a9781407109022 | ||
| 040 |
_aFISKH _beng _cFISKH _dFISKH |
||
| 082 | _a920 | ||
| 100 | _aDonkin, Andrew | ||
| 245 |
_aRoald Dahl and His Chocolate Factory / _cby Andrew Donkin |
||
| 250 | _aThis edition published 2009 | ||
| 260 |
_aNew York : _bSholastc ; _c2002 . |
||
| 300 |
_a192 pages : _billustrations ; _c20 cm . |
||
| 490 | _aHorribly Famous | ||
| 505 | _aZ | ||
| 520 | _aCovering his birth in Cardiff to boarding school and on to become a war hero, spy and then writer of some of the most popular children's books of all time, this hilarious and fact-filled adventure is perfect for fans old and new. With Steven Spielberg's adaption of Dahl's The BFG to be released in cinemas next July, and centenary clebrations culminating on Dahl Day in September, this is the perfect way to find out more about one of our-loved writers. | ||
| 521 | 8 |
_a950
_bLexile |
|
| 521 | 8 |
_aZ
_bRaz-Plus |
|
| 650 |
_abiography _vnon-fiction |
||
| 700 |
_aGoddard,Clive _eillustrator |
||
| 942 |
_2ddc _cBK _n0 |
||
| 999 |
_c4937 _d4937 |
||